书目信息 |
| 题名: |
世界地理未解之谜 中国地理未解之谜
|
|
| 作者: | 刘勤建 编著 | |
| 分册: | ||
| 出版信息: | 北京 北京联合出版公司 2015 |
|
| 页数: | 399页 | |
| 开本: | 26cm | |
| 丛书名: | ||
| 单 册: | ||
| 中图分类: | K91-49 , K92-49 | |
| 科图分类: | ||
| 主题词: | 地理--世界--通俗读物 , 地理--中国--通俗读物 | |
| 电子资源: | ||
| ISBN: | 978-7-5502-5685-9 | |
| 000 | 00829nam0 2200241 450 | |
| 001 | 1654383328 | |
| 005 | 20160330120210.0 | |
| 010 | @a978-7-5502-5685-9@b精装@dCNY59.00 | |
| 100 | @a20150920d2015 em y0chiy50 ea | |
| 101 | 0 | @achi |
| 102 | @aCN@b110000 | |
| 105 | @aab z 000yy | |
| 106 | @ar | |
| 200 | 1 | @a世界地理未解之谜 中国地理未解之谜@9shi jie di li wei jie zhi mi zhong guo di li wei jie zhi mi@f刘勤建编著 |
| 210 | @a北京@c北京联合出版公司@d2015 | |
| 215 | @a399页@c图,地图@d26cm | |
| 330 | @a本书从地球探秘、地理地貌、江河湖泊、神秘地域、洞穴岛屿、失落宝藏、神秘海洋等角度,对160多个世界与中国地理未解之谜进行了全面剖析。 | |
| 606 | 0 | @a地理@y世界@j通俗读物 |
| 606 | 0 | @a地理@y中国@j通俗读物 |
| 690 | @aK91-49@v5 | |
| 690 | @aK92-49@v5 | |
| 701 | 0 | @a刘勤建@9liu qin jian@4编著 |
| 905 | @aMUSE@dK91-49@e2 | |
| 世界地理未解之谜 中国地理未解之谜/刘勤建编著.-北京:北京联合出版公司,2015 |
| 399页:图,地图;26cm |
| ISBN 978-7-5502-5685-9(精装):CNY59.00 |
| 本书从地球探秘、地理地貌、江河湖泊、神秘地域、洞穴岛屿、失落宝藏、神秘海洋等角度,对160多个世界与中国地理未解之谜进行了全面剖析。 |
| ● |
| 相关链接 |
|
|
|
正题名:世界地理未解之谜 中国地理未解之谜
索取号:K91-49/2
 
预约/预借
| 序号 | 登录号 | 条形码 | 馆藏地/架位号 | 状态 | 备注 |
| 1 | 807826 | 2000807826 | 第二书库/ [索取号:K91-49/2] | 在馆 | |
| 2 | 807827 | 2000807827 | 第二书库/ [索取号:K91-49/2] | 在馆 | |
| 3 | 807828 | 2000807828 | 第二书库/ [索取号:K91-49/2] | 在馆 |